000 02882cam a2200337 4500500
005 20260208005252.0
041 _afre
042 _adc
100 1 0 _aMüller, Wolfgang P.
_eauthor
245 0 0 _aViolence et droit canonique : les enseignements de la Pénitencerie apostolique
260 _c2007.
500 _a3
520 _aRÉSUMÉ Depuis que les registres de la Pénitencerie apostolique ont été mis à la disposition d’un certain nombre de chercheurs en 1983, un nombre considérable de travaux ont été écrits sur le sujet, en particulier des répertoires comportant des documents originaux relatifs à la Norvège, à la Pologne et à l’Empire. La France, en revanche, n’a pas fait l’objet d’études majeures. Après avoir retracé la bibliographie du sujet, cet article fournit une brève introduction au fonctionnement de l’office pontifical depuis son origine vers 1200 jusqu’à son abandon sous sa forme médiévale lors de la réforme de 1569. Les deux dernières parties traitent de cas d’espèce relatifs à la violence. Ils étudient l’absolution des péchés, les dispenses pour empêchements sacramentels et, plus généralement, ce qu’on appelle les lettres déclaratoires dont le contenu invite à une comparaison avec les lettres de pardon en Angleterre et les lettres de rémission en France.
520 _aABSTRACT Since the records of the late medieval Apostolic Penitentiary have been made available to a select group of scholars in 1983, a considerable amount of work on the subject has been published, including repertories with original documentation from Norway, Poland, and the Empire. France, on the other hand, has not been the focus of major studies. Following a section devoted to bibliography, the present article provides a brief introduction to the functioning of the papal office from its origins in the 1200s to the abandonment of its medieval format by way of reform in 1569. The final two parts discuss concrete case material in connection with violence, surveying absolutions from sin, dispensations from sacramental impediments, and more extensively, the so-called declaratory letters, the contents of which invite further comparison with contemporary royal Letters of pardon from England and the French Lettres de rémission.
690 _acrime
690 _aMoyen Âge (1200-1500)
690 _apapauté
690 _apardon
690 _apéché
690 _aPénitencerie apostolique
690 _aviolence
690 _aApostolic Penitentiary
690 _aCrime
690 _aMiddle Ages (1200-1500)
690 _aPapacy
690 _aPardon
690 _aSin
690 _aViolence
786 0 _nRevue historique | 644 | 4 | 2007-12-01 | p. 771-796 | 0035-3264
856 4 1 _uhttps://shs.cairn.info/revue-historique-2007-4-page-771?lang=fr&redirect-ssocas=7080
999 _c1651345
_d1651345